Statystyki dla Najbardziej zaludnione państwa według kategorii

Kliknij tutaj aby rozwiązać quiz!

Ogólne statystyki

  • Ten quiz został rozwiązany 5 349 razy
  • Średni wynik to 9 z 20

Statystyki odpowiedzi

Kategoria - najbardziej
zaludnione państwo...
Państwo% Poprawnych
...na świecieChiny
99%
...na świecie w 2030 roku (prognoza)Indie
94%
...całościowo leżące w EuropieNiemcy
91%
...w AfryceNigeria
78%
...hiszpańskojęzycznyMeksyk
64%
...w OceaniiAustralia
58%
...portugalskojęzycznyBrazylia
58%
...całościowo leżące na wyspachIndonezja
56%
...którego nazwa zaczyna się na "H" o stosunkowo
małej powierzchni
Haiti
42%
...z językiem arabskim jako urzędowyEgipt
40%
...w Ameryce ŚrodkowejGwatemala
37%
...bez granic lądowychJaponia
28%
...z średnią wysokością mniejszą
niż 50 metrów
Holandia
22%
...z 4-literową nazwąIran
22%
...bez rzekArabia Saudyjska
19%
...o powierzchni mniejszej niż 1000 km2Singapur
19%
...otoczone w całości lądemEtiopia
17%
...bez armiiKostaryka
13%
...z większą ilością imigrantów
niż rodowitych mieszkańców
Zjednoczone Emiraty Arabskie
13%
...o powierzchni mniejszej niż 40000 km2Tajwan
5%

Rozkład punktacji

Percentyl według liczby udzielonych odpowiedzi

Procent ludzi z każdym wynikiem

Twoja historia wyników

Nie rozwiązałeś tego quizu